Procedure for Implementing New Information Systems

Postupom času sa z narastajúcej globalizácie a rastúcej konkurencie zrodila nová filozofia a riadenie podnikovej komunikácie. Vedomosti sú novým fenoménom získavania bohatstva na základe informačných a nasadených komunikačných systémov, ktorý začína čoraz viac ovplyvňovať rozvoj každej inštitúcie. A...

ver descrição completa

Na minha lista:
Detalhes bibliográficos
Autor principal: Dugas, Jaroslav, 1967-
Outros Autores: Cenek, Martin, Müller, František
Formato: Capítulo de Livro
Idioma:inglês
Assuntos:
Tags: Adicionar Tag
Sem tags, seja o primeiro a adicionar uma tag!

MARC

LEADER 00000naa$a2200000$$$4500
001 0306498
005 20250129074443.9
041 0 |a eng 
044 |a SK 
245 1 0 |a Procedure for Implementing New Information Systems  |c Jaroslav Dugas, Martin Cenek, František Müller 
520 |a Postupom času sa z narastajúcej globalizácie a rastúcej konkurencie zrodila nová filozofia a riadenie podnikovej komunikácie. Vedomosti sú novým fenoménom získavania bohatstva na základe informačných a nasadených komunikačných systémov, ktorý začína čoraz viac ovplyvňovať rozvoj každej inštitúcie. Aby každá spoločnosť mohla prijímať najvhodnejšie efektívne strategické rozhodnutia, je nevyhnutné, aby si bola dôkladne vedomá svojho vnútorného aj vonkajšieho prostredia, t.j. aby poznala možné obmedzenia svojich strategických rozhodnutí. 
610 2 0 |a technológie informačné 
610 2 0 |a konkurencia 
610 2 0 |a implementácia 
610 2 0 |a technológie komunikačné 
610 2 0 |a technológie nové 
610 2 0 |a komunikácia 
100 1 |a Dugas, Jaroslav, 1967- 
700 1 |a Cenek, Martin 
700 1 |a Müller, František